North Texas Basketball: Top 10 All-Time Leaders - Statistics

General Stats
  • This quiz has been taken 0 times
  • The average score is 0 of 90
Answer Stats
Category # Player Amount % Correct
Blocks 6 Aaron Scott 89
0%
Blocks 7 Abou Ousmane 84
0%
Points Per Game 9 Al Shumate 17.6
0%
Games 4 Alzee Williams 124
0%
Points Per Game 7 Bob Iverson 18.3
0%
Three Pointers Made 1 Calvin Watson 208
0%
Steals 9 Charles Washington 109
0%
Points 2 Chris Davis 2,254
0%
Assists 5 Chris Davis 296
0%
Three Pointers Made T3 Chris Davis 189
0%
Points Per Game 3 Chris Davis 20.1
0%
Assists 7 Chris Jones 282
0%
Steals T4 Chris Jones 127
0%
Rebounds 8 David Miller 796
0%
Steals 3 David Miller 146
0%
Field Goal Percent 8 David Miller 45.4%
0%
Field Goal Percent 7 David Vasher 46.5%
0%
Points Per Game 8 Delonte Taylor 17.9
0%
Assists 9 Deon Hunter 262
0%
Points 6 Fred Mitchell 1,538
0%
Rebounds 10 Fred Mitchell 728
0%
Field Goal Percent 5 Fred Mitchell 47.7%
0%
Three Pointers Made 5 George King 188
0%
Rebounds 4 George Odufuwa 896
0%
Blocks 10 George Odufuwa 70
0%
Games T5 Harold Stewart 120
0%
Steals 8 Isaac Hines 112
0%
Assists 8 Javion Hamlet 274
0%
Blocks 2 Jeffrey Simpson 119
0%
Steals 6 Jerome Rogers 121
0%
Three Pointers Made 9 Jerome Rogers 159
0%
Points 3 Jesse Ratliff 2,130
0%
Rebounds 3 Jesse Ratliff 912
0%
Steals T1 Jesse Ratliff 151
0%
Field Goal Percent 4 Jesse Ratliff 48.0%
0%
Points Per Game 6 Jesse Ratliff 18.7
0%
Games T8 Jesse Ratliff 114
0%
Points Per Game 1 Joe Hamilton 21.4
0%
Points 9 John Savage 1,423
0%
Rebounds 7 John Savage 812
0%
Field Goal Percent 9 John Savage 45.2%
0%
Points Per Game 5 John Savage 19.2
0%
Field Goal Percent 6 Jon Manning 47.6%
0%
Points Per Game 4 Jon Manning 19.8
0%
Points 8 Jordan Williams 1,501
0%
Steals 7 Jordan Williams 117
0%
Three Pointers Made 10 Jordan Williams 143
0%
Games T8 Jordan Williams 114
0%
Points 4 Josh White 1,668
0%
Assists 3 Josh White 331
0%
Three Pointers Made 6 Josh White 185
0%
Games 3 Josh White 126
0%
Blocks 5 Kendrick Hogans 92
0%
Games T5 Kendrick Hogans 120
0%
Points 1 Kenneth Lyons 2,291
0%
Rebounds 2 Kenneth Lyons 1,020
0%
Field Goal Percent 1 Kenneth Lyons 51.1%
0%
Points Per Game 2 Kenneth Lyons 20.6
0%
Rebounds 1 Kenneth Williams 1,095
0%
Assists 6 Kevie Gulley 294
0%
Points 10 Leonard Hopkins 1,340
0%
Rebounds 5 Melvin Davis 872
0%
Field Goal Percent 2 Melvin Davis 49.2%
0%
Assists 4 Pat Hicks 327
0%
Blocks T3 Quincy Williams 98
0%
Games T5 Quincy Williams 120
0%
Three Pointers Made 2 Roosevelt Smart 197
0%
Assists 10 Rubin Jones 256
0%
Steals T4 Rubin Jones 127
0%
Assists 1 Ryan Woolridge 433
0%
Steals T1 Ryan Woolridge 151
0%
Field Goal Percent 3 Ryan Woolridge 48.8%
0%
Points Per Game 10 Terry Bailey 17.4
0%
Blocks 9 Thomas Bell 75
0%
Blocks 1 Tony Mitchell 157
0%
Points 7 Tony Worrell 1,524
0%
Steals 10 Tony Worrell 108
0%
Games 10 Tony Worrell 113
0%
Points 5 Tristan Thompson 1,629
0%
Three Pointers Made 8 Tristan Thompson 183
0%
Games 2 Tristan Thompson 128
0%
Three Pointers Made 7 Tylor Perry 184
0%
Three Pointers Made T3 Umoja Gibson 189
0%
Assists 2 Walter Johnson 350
0%
Blocks 8 Wendell Williams 81
0%
Rebounds 6 Willie Davis 847
0%
Field Goal Percent 10 Willie Davis 45.2%
0%
Rebounds 9 Zachary Simmons 751
0%
Blocks T3 Zachary Simmons 98
0%
Games 1 Zachary Simmons 129
0%
No matching quizzes found
Score Distribution
Percent of People with Each Score
Percentile by Number Answered
Your Score History
You have not taken this quiz